Extremely Hard General Knowledge #83 - Statistics

General Stats
  • This quiz has been taken 68 times
    8 since last reset
  • The average score is 4 of 20
Answer Stats
Hint Answer % Correct
Which year to Michael Jackson release the album Thriller? 1982
88%
Mr Tod, Tails, and Nick Wilde are fictional characters of what species? Fox
63%
In The Two Towers, the Ent Treebeard is described as being "at least _ foot high"? {14} feet
38%
Which city replaced Malabo as the capital of Equatorial Guinea in January 2026? Ciudad de la Paz
38%
Which French oceanographer won the Best Documentary Oscar for The Silent World (1956) and World Without Sun (1964) and Best Live Action Short Oscar for The Golden Fish (1959)? Jacques Cousteau
38%
The Pulitzer Prize is an annual award for journalism awarded by which university? Columbia
25%
What name is given to the type of woman's footwear characterized by an ankle strap that crosses only around the back and sides of the ankle and heel? Slingback
25%
Which English poets works included "How Do I Love Thee?" (Sonnet 43) and Aurora Leigh? Elizabeth Barrett Browning
13%
What's the name of the liquorice candies that come in the shape of either a pink or white capsule? Good & Plenty
13%
Which American artist has had sculptures such as Balloon Dog (Orange) and Rabbit sold for tens of millions of dollars? Jeff Koons
13%
What name is given to someone who studies or collects moths and butterflies? Lepidopterist
13%
What is the name of the malleable metal alloy comprised of primarily tin commonly mixed with copper and antimony? Pewter
13%
Who became the first woman to be elected Prime Minister of Japan when she took office in October 2025? Sanae Takaichi
13%
In Hinduism, who is the good of the Moon? Chandra
0%
What is the name of the wire cage that fits over the cork of a bottle of champagne keep the cork from coming off? Muselet
0%
Which Chilean won the gold medal at both the Men's Singles tennis and Men's Doubles tennis at the 2004 Athens Olympics? Nicolás Massú
0%
Who edited the first 5 James Bond films, before directing the sixth installation "On Her Majesty's Secret Service" in 1969? Peter R. Hunt
0%
Which American singer was the opening act at Woodstock in 1969? Richie Havens
0%
What is the pink dish described as Lithuanian cold beet soup, commonly known as? Šaltibarščiai
0%
The American portal Yahoo is actually an acronym, but what does it stand for? Yet Another Hierarchically Organized Oracle
0%
No matching quizzes found
Score Distribution
Percent of People with Each Score
Percentile by Number Answered
Your Score History
You have not taken this quiz since the last reset